[Event "Dhaka Saarc (Women) op 1st"]
[Site "Dhaka"]
[Date "2019.11.30"]
[Round "6"]
[White "Warsia, Khusbu"]
[Black "Kiswara, Shajrin Evana"]
[Result "0-1"]
[WhiteElo "1327"]
[BlackElo "1546"]
[PlyCount "82"]
[EventDate "2019.11.25"]
[EventType "swiss"]
[EventRounds "9"]
[EventCountry "BAN"]
[SourceTitle "CBM 193 Extra"]
[Source "ChessBase"]
[SourceDate "2020.01.31"]
[SourceVersion "1"]
[SourceVersionDate "2020.01.31"]
[SourceQuality "1"]

1. e4 c5 2. Nf3 d6 3. d4 cxd4 4. Nxd4 Nf6 5. Nc3 a6 6. Be3 e6 7. Be2 Be7 8. 0-0 Qc7 9. a3 b5 10. f4 Bb7 11. Bf3 Nbd7 12. Nb3 Rc8 13. Kh1 Nb6 14. Bf2 Nc4 15. Qc1 Nd7 16. Nd4 Nxb2 17. Ncxb5 axb5 18. Qxb2 Ba6 19. Rab1 b4 20. Rfc1 bxa3 21. Qxa3 Bc4 22. Qb2 0-0 23. Qb7 Nc5 24. Qxc7 Rxc7 25. Nb5 Bxb5 26. Rxb5 Nd3 27. Rf1 Rxc2 28. Bg3 Rfc8 29. h3 Rc1 30. Rxc1 Nxc1 31. Rb7 Bf8 32. Kg1 Nd3 33. Kf1 Nc5 34. Rb4 h6 35. Rc4 Rb8 36. Ke2 Rb2+ 37. Ke3 Rb3+ 38. Kd2 Rd3+ 39. Kc2 Ra3 40. f5 e5 41. Bf2 Ra2+ 0-1

[Event "Dhaka Saarc (Women) op 1st"]
[Site "Dhaka"]
[Date "2019.11.28"]
[Round "4"]
[White "Nusrat Jahan, Alo"]
[Black "Kiswara, Shajrin Evana"]
[Result "1/2-1/2"]
[WhiteElo "1783"]
[BlackElo "1546"]
[PlyCount "129"]
[EventDate "2019.11.25"]
[EventType "swiss"]
[EventRounds "9"]
[EventCountry "BAN"]
[SourceTitle "CBM 193 Extra"]
[Source "ChessBase"]
[SourceDate "2020.01.31"]
[SourceVersion "1"]
[SourceVersionDate "2020.01.31"]
[SourceQuality "1"]

1. e4 c5 2. Nf3 e6 3. d4 cxd4 4. Nxd4 a6 5. Nc3 d6 6. Be2 Nf6 7. Be3 Be7 8. f4 Qc7 9. 0-0 b5 10. a3 Bb7 11. Bf3 Nbd7 12. Re1 Rc8 13. Nb3 0-0 14. g4 Nc5 15. Nxc5 dxc5 16. g5 Nd7 17. f5 Bd6 18. Qe2 exf5 19. Rad1 Ne5 20. Rf1 Nxf3+ 21. Rxf3 Bxe4 22. Nxe4 fxe4 23. Rh3 g6 24. Qg4 f5 25. gxf6 Rxf6 26. Qxe4 Bf4 27. Bxf4 Rxf4 28. Qe6+ Rf7 29. Qxa6 Rb8 30. Qe6 Qc8 31. Qxc8+ Rxc8 32. Rb3 Rb7 33. a4 b4 34. c3 Rcb8 35. cxb4 c4 36. Rc3 Rxb4 37. Rdc1 Rxa4 38. Rxc4 Rxc4 39. Rxc4 Rxb2 40. Rc7 Ra2 41. Rb7 Ra6 42. Kg2 Rf6 43. Kg3 Rf7 44. Rxf7 Kxf7 45. Kg4 Kf6 46. Kf4 g5+ 47. Kg4 Kg6 48. Kf3 Kf5 49. Kg3 h5 50. h3 Ke4 51. Kg2 Ke3 52. Kg3 Ke4 53. Kg2 Kf4 54. Kf2 g4 55. hxg4 hxg4 56. Kg2 g3 57. Kg1 Kg4 58. Kg2 Kf4 59. Kg1 Ke3 60. Kg2 Kf4 61. Kg1 Kf3 62. Kf1 Kg4 63. Kg2 Kh4 64. Kg1 Kh3 65. Kh1 1/2-1/2

[Event "BAN-ch (Women) 39th"]
[Site "Dhaka"]
[Date "2019.09.21"]
[Round "3"]
[White "Kiswara, Shajrin Evana"]
[Black "Khan, Nazrana"]
[Result "0-1"]
[WhiteElo "1604"]
[BlackElo "1939"]
[PlyCount "80"]
[EventDate "2019.09.19"]
[EventType "swiss"]
[EventRounds "9"]
[EventCountry "BAN"]
[SourceTitle "CBM 195 Extra"]
[Source "ChessBase"]
[SourceDate "2020.05.31"]
[SourceVersion "1"]
[SourceVersionDate "2020.05.31"]
[SourceQuality "1"]

1. c4 Nf6 2. d4 e6 3. Nc3 d5 4. Bg5 Be7 5. e3 0-0 6. Nf3 h6 7. Bh4 b6 8. Bd3 Bb7 9. 0-0 Ne4 10. Bxe7 Qxe7 11. cxd5 exd5 12. Qc2 Nxc3 13. Qxc3 c5 14. dxc5 bxc5 15. Rfe1 Nd7 16. Bf5 Nb6 17. Rac1 c4 18. Nd4 g6 19. Bb1 Na4 20. Qd2 Kh7 21. b3 Nb6 22. f3 a5 23. e4 dxe4 24. bxc4 Qc5 25. Bxe4 Bxe4 26. fxe4 Rad8 27. Rcd1 Rd7 28. Qf2 Rfd8 29. Rb1 Nxc4 30. Nb3 Qxf2+ 31. Kxf2 a4 32. Nc5 Rd2+ 33. Kf3 Rxa2 34. Rb7 Kg8 35. Rb4 Ne5+ 36. Kg3 Rdd2 37. Rg1 a3 38. Ra4 g5 39. Ra8+ Kg7 40. h3 Rac2 0-1

[Event "BAN-ch (Women) 38th"]
[Site "Dhaka"]
[Date "2018.08.09"]
[Round "2"]
[White "Khanam, Afroza"]
[Black "Kiswara, Shajrin Evana"]
[Result "0-1"]
[WhiteElo "1971"]
[BlackElo "1622"]
[PlyCount "114"]
[EventDate "2018.08.08"]
[EventType "swiss"]
[EventRounds "9"]
[EventCountry "BAN"]
[SourceTitle "EXT 2019"]
[Source "ChessBase"]
[SourceDate "2018.10.10"]
[SourceVersion "1"]
[SourceVersionDate "2018.10.10"]
[SourceQuality "1"]

1. d4 d5 2. Nf3 Nf6 3. e3 e6 4. Bd3 a6 5. Nbd2 c5 6. c3 b5 7. a3 c4 8. Bc2 Bb7 9. 0-0 Bd6 10. Qe2 0-0 11. e4 dxe4 12. Nxe4 Be7 13. Nxf6+ Bxf6 14. Re1 Bd5 15. Bf4 Nc6 16. Ne5 Nxe5 17. dxe5 Be7 18. Qh5 g6 19. Qh6 Re8 20. Re3 Bf8 21. Qh3 Bg7 22. Rd1 Qe7 23. Rd4 Rad8 24. Bh6 Bxh6 25. Qxh6 Qf8 26. Qg5 Qe7 27. Qf4 Kg7 28. Rh3 Rh8 29. Qh6+ Kg8 30. Rdh4 Qf8 31. Qg5 Rd7 32. Qe3 Qg7 33. Rd4 h5 34. Rg3 Qh6 35. Qe1 h4 36. Re3 Kf8 37. Qd1 Ke7 38. Be4 Rhd8 39. Qf3 Bxe4 40. Qxe4 g5 41. Re1 Qh5 42. f3 Qg6 43. Qxg6 fxg6 44. Red1 Rd5 45. Kf2 R5d7 46. Rxd7+ Rxd7 47. Rxd7+ Kxd7 48. Ke3 Kc6 49. Kd4 a5 50. a4 Kb6 51. g3 hxg3 52. hxg3 Kc6 53. axb5+ Kxb5 54. b3 cxb3 55. c4+ Kc6 56. c5 a4 57. Kc3 Kxc5 0-1

[Event "BAN-ch (Women) 38th"]
[Site "Dhaka"]
[Date "2018.08.08"]
[Round "1"]
[White "Kiswara, Shajrin Evana"]
[Black "Warsia, Khusbu"]
[Result "1-0"]
[WhiteElo "1622"]
[BlackElo "1060"]
[PlyCount "75"]
[EventDate "2018.08.08"]
[EventType "swiss"]
[EventRounds "9"]
[EventCountry "BAN"]
[SourceTitle "EXT 2019"]
[Source "ChessBase"]
[SourceDate "2018.10.10"]
[SourceVersion "1"]
[SourceVersionDate "2018.10.10"]
[SourceQuality "1"]

1. c4 e5 2. Nc3 Nf6 3. Nf3 Nc6 4. d3 h6 5. e3 Bc5 6. a3 a6 7. b4 Ba7 8. b5 axb5 9. cxb5 Nb8 10. Nxe5 Qe7 11. d4 c5 12. bxc6 Nxc6 13. Nxc6 dxc6 14. Be2 0-0 15. 0-0 Rd8 16. Qc2 c5 17. dxc5 Bxc5 18. Na4 Bd6 19. Nb6 Qe5 20. f4 Qxa1 21. Bb2 Qa2 22. Bc4 Bf5 23. Qc3 Rxa3 24. Bxa2 Rxc3 25. Bxc3 Bc5 26. Bxf6 Bxe3+ 27. Kh1 gxf6 28. Nd5 Bd4 29. Ne7+ Kg7 30. Nxf5+ Kg6 31. Nh4+ Kh5 32. g3 b5 33. h3 Rd7 34. Bb3 Be3 35. Bd1+ Rxd1 36. Rxd1 b4 37. Rd5+ f5 38. Rxf5# 1-0

[Event "BAN-ch (Women) 37th"]
[Site "Dhaka"]
[Date "2017.08.26"]
[Round "7"]
[White "Kiswara, Shajrin Evana"]
[Black "Nusrat Jahan, Alo"]
[Result "1-0"]
[WhiteElo "1688"]
[BlackElo "1434"]
[PlyCount "133"]
[EventDate "2017.08.20"]
[EventType "swiss"]
[EventRounds "9"]
[EventCountry "BAN"]
[SourceTitle "CBM 180 Extra"]
[Source "ChessBase"]
[SourceDate "2017.10.06"]
[SourceVersion "1"]
[SourceVersionDate "2017.10.06"]
[SourceQuality "1"]

1. c4 Nf6 2. Nf3 e6 3. e3 Nc6 4. Be2 e5 5. d3 d6 6. 0-0 Be7 7. Nc3 b6 8. a3 Bb7 9. Nd5 Nxd5 10. cxd5 Nb8 11. e4 0-0 12. b4 Qd7 13. Bb2 c6 14. dxc6 Bxc6 15. Qd2 Na6 16. Bd1 Nc7 17. Re1 Ne6 18. d4 exd4 19. Nxd4 Nxd4 20. Bxd4 Qe6 21. f3 Rad8 22. Qb2 Bf6 23. Bxf6 Qxf6 24. Qxf6 gxf6 25. Rc1 Rc8 26. Bb3 Bb7 27. Red1 Rxc1 28. Rxc1 a5 29. Rc7 Ba8 30. Rd7 axb4 31. axb4 Kg7 32. Rxd6 Rb8 33. Rd7 Rb7 34. Rxb7 Bxb7 35. Kf2 Bc8 36. Ke3 Kf8 37. Kd4 Ke7 38. f4 f5 39. e5 f6 40. Bd5 fxe5+ 41. Kxe5 Bd7 42. Bg8 h6 43. Bh7 b5 44. Bxf5 Bxf5 45. Kxf5 Kf7 46. Ke5 Ke7 47. g4 Kf7 48. Kd5 Kg6 49. Kc5 h5 50. h3 hxg4 51. hxg4 Kf6 52. Kxb5 Ke6 53. Kc6 Kf6 54. b5 Ke7 55. Kc7 Ke6 56. b6 Ke7 57. b7 Ke6 58. b8Q Kf6 59. Qe8 Kg7 60. Qe6 Kf8 61. f5 Kg7 62. g5 Kf8 63. Qf6+ Kg8 64. Qe7 Kh8 65. f6 Kg8 66. f7+ Kh8 67. f8Q# 1-0

[Event "BAN-ch (Women) 37th"]
[Site "Dhaka"]
[Date "2017.08.23"]
[Round "4"]
[White "Kiswara, Shajrin Evana"]
[Black "Israt, Jahan Diba"]
[Result "1-0"]
[WhiteElo "1688"]
[BlackElo "1375"]
[PlyCount "127"]
[EventDate "2017.08.20"]
[EventType "swiss"]
[EventRounds "9"]
[EventCountry "BAN"]
[SourceTitle "CBM 180 Extra"]
[Source "ChessBase"]
[SourceDate "2017.10.06"]
[SourceVersion "1"]
[SourceVersionDate "2017.10.06"]
[SourceQuality "1"]

1. c4 e5 2. Nc3 Nf6 3. Nf3 Nc6 4. d3 Bc5 5. e3 0-0 6. a3 a6 7. b4 Be7 8. b5 axb5 9. cxb5 Na5 10. Nxe5 d6 11. Nc4 Nxc4 12. dxc4 c6 13. Be2 c5 14. 0-0 b6 15. Bf3 Rb8 16. Nd5 Nxd5 17. Bxd5 Bf6 18. Ra2 Bb7 19. e4 Be5 20. Bb2 Bxb2 21. Rxb2 Qf6 22. Rd2 Rfd8 23. Qa1 Qxa1 24. Rxa1 Bxd5 25. Rxd5 Ra8 26. a4 g6 27. f3 Ra7 28. e5 Rad7 29. Rad1 Kf8 30. exd6 Ra8 31. Ra1 Rad8 32. a5 bxa5 33. Rxa5 Rxd6 34. Rxd6 Rxd6 35. Ra8+ Ke7 36. Rc8 Rd4 37. Rxc5 Kd6 38. Rc6+ Kd7 39. c5 Rd1+ 40. Kf2 Rd2+ 41. Kg3 Rd5 42. h3 h5 43. Kf4 Kd8 44. Rd6+ Rxd6 45. cxd6 Kd7 46. Ke5 Kd8 47. b6 Kc8 48. Kf6 Kd7 49. b7 Kxd6 50. b8Q+ Kc5 51. Qe5+ Kc4 52. Kxf7 Kd3 53. Kxg6 h4 54. Qe4+ Kd2 55. Kf5 Kc3 56. Ke5 Kb3 57. f4 Kc3 58. f5 Kd2 59. f6 Kc3 60. f7 Kb3 61. f8Q Kc3 62. Qff3+ Kd2 63. Qee2+ Kc1 64. Qff1# 1-0

[Event "BAN-ch (Women)"]
[Site "Dhaka"]
[Date "2016.10.05"]
[Round "3"]
[White "Noshin, Anjum"]
[Black "Kiswara, Shajrin Evana"]
[Result "1/2-1/2"]
[WhiteElo "1371"]
[BlackElo "1717"]
[PlyCount "147"]
[EventDate "2016.10.03"]
[EventType "tourn"]
[EventRounds "11"]
[EventCountry "BAN"]
[SourceTitle "CBM 175 Extra"]
[Source "ChessBase"]
[SourceDate "2016.12.12"]
[SourceVersion "1"]
[SourceVersionDate "2016.12.12"]
[SourceQuality "1"]

1. e4 c5 2. Nf3 d6 3. d4 cxd4 4. Nxd4 Nf6 5. Nc3 a6 6. Be3 e6 7. f3 Be7 8. g4 Nfd7 9. Qd2 Bh4+ 10. Bf2 Ne5 11. 0-0-0 Be7 12. Kb1 Nbc6 13. Be2 Ng6 14. Nb3 b5 15. Bf1 Nce5 16. Bg2 Nc4 17. Qe1 Nf4 18. Rg1 Qc7 19. Ne2 Nxe2 20. Qxe2 Bb7 21. Bg3 e5 22. Nd2 Rc8 23. Nxc4 Qxc4 24. Qxc4 bxc4 25. Rge1 g5 26. Re3 f6 27. Bf1 Rc5 28. Rc3 Kd7 29. Rxc4 Rxc4 30. Bxc4 Rc8 31. Bb3 Bc6 32. Rd2 Bb5 33. Bd5 Bd8 34. Bf2 Ba5 35. c3 Bf1 36. Be3 Bb5 37. Rf2 Rh8 38. c4 Bc6 39. Bxc6+ Kxc6 40. Bd2 Bxd2 41. Rxd2 h5 42. h3 hxg4 43. hxg4 Rh1+ 44. Kc2 Rf1 45. Rd3 Rh1 46. Kb3 Rc1 47. Rc3 Rf1 48. Kb4 Rf2 49. Kb3 Kc5 50. Rd3 a5 51. Rd5+ Kc6 52. Rd3 Kc5 53. a3 a4+ 54. Kxa4 Rxb2 55. Rd5+ Kxc4 56. Rxd6 Rb8 57. Ka5 Kc5 58. Rxf6 Ra8+ 59. Ra6 Rf8 60. a4 Rxf3 61. Re6 Kd4 62. Rg6 Kxe4 63. Rxg5 Kf4 64. Rg8 Rg3 65. Kb6 Rxg4 66. Rxg4+ Kxg4 67. a5 e4 68. a6 e3 69. a7 e2 70. a8Q e1Q 71. Qg8+ Kf3 72. Qf7+ Ke2 73. Qe6+ Kd2 74. Qxe1+ 1/2-1/2

[Event "BAN-ch (Women)"]
[Site "Dhaka"]
[Date "2016.10.04"]
[Round "2"]
[White "Kiswara, Shajrin Evana"]
[Black "Khan, Nazrana"]
[Result "0-1"]
[WhiteElo "1717"]
[BlackElo "1959"]
[PlyCount "188"]
[EventDate "2016.10.03"]
[EventType "tourn"]
[EventRounds "11"]
[EventCountry "BAN"]
[SourceTitle "CBM 175 Extra"]
[Source "ChessBase"]
[SourceDate "2016.12.12"]
[SourceVersion "1"]
[SourceVersionDate "2016.12.12"]
[SourceQuality "1"]

1. c4 Nf6 2. Nc3 e6 3. d4 d5 4. e3 c5 5. Nf3 Nc6 6. Be2 dxc4 7. Bxc4 cxd4 8. Nxd4 Nxd4 9. Qxd4 Qxd4 10. exd4 Bb4 11. 0-0 0-0 12. Be3 Bd7 13. Rac1 Bc6 14. Nb5 Ba5 15. Be2 Nd5 16. Nc3 Rfd8 17. Nxd5 Bxd5 18. b3 h6 19. Rfd1 Bb6 20. Bc4 Rac8 21. h3 Kf8 22. a4 a5 23. g3 Kg8 24. Bxd5 Rxc1 25. Rxc1 Rxd5 26. Rc4 e5 27. dxe5 Bxe3 28. fxe3 Rd3 29. Rc8+ Kh7 30. Rc7 Rxb3 31. Rxf7 Rxe3 32. Rxb7 Rxg3+ 33. Kh2 Ra3 34. e6 Rxa4 35. e7 Re4 36. Ra7 a4 37. Rxa4 Rxe7 38. Kg3 Re3+ 39. Kg2 Kg6 40. Rg4+ Kh7 41. h4 Re6 42. Ra4 Kg6 43. Rg4+ Kf7 44. Rf4+ Rf6 45. Re4 Rg6+ 46. Kh3 Rg1 47. Ra4 Re1 48. Ra7+ Re7 49. Ra4 g6 50. Rf4+ Kg7 51. Ra4 Re3+ 52. Kg2 Kf6 53. Rf4+ Ke5 54. Ra4 Kf5 55. Ra6 Re6 56. Ra2 Kg4 57. Ra4+ Kh5 58. Kf3 Re1 59. Kg3 Rg1+ 60. Kh3 Rb1 61. Rc4 Rb3+ 62. Kg2 g5 63. hxg5 hxg5 64. Rc8 Kh4 65. Rh8+ Kg4 66. Rg8 Rb2+ 67. Kf1 Kf3 68. Rf8+ Kg3 69. Rf5 g4 70. Rg5 Rb1+ 71. Ke2 Kh3 72. Kf2 Rb2+ 73. Kg1 Kg3 74. Kf1 Rf2+ 75. Ke1 Rf8 76. Ke2 Kh3 77. Rh5+ Kg2 78. Rg5 Re8+ 79. Kd3 g3 80. Rg7 Kh2 81. Rh7+ Kg1 82. Rg7 Kf2 83. Rf7+ Kg2 84. Rg7 Rf8 85. Ke2 Rf2+ 86. Ke1 Rf1+ 87. Ke2 Rh1 88. Rg8 Rh6 89. Rg7 Rh8 90. Ke3 Kh2 91. Ke2 g2 92. Kf2 g1Q+ 93. Rxg1 Rf8+ 94. Ke2 Kxg1 0-1

[Event "BAN-ch (Women)"]
[Site "Dhaka"]
[Date "2016.10.03"]
[Round "1"]
[White "Hamid, Rani"]
[Black "Kiswara, Shajrin Evana"]
[Result "1-0"]
[WhiteElo "1990"]
[BlackElo "1717"]
[PlyCount "51"]
[EventDate "2016.10.03"]
[EventType "tourn"]
[EventRounds "11"]
[EventCountry "BAN"]
[SourceTitle "CBM 175 Extra"]
[Source "ChessBase"]
[SourceDate "2016.12.12"]
[SourceVersion "1"]
[SourceVersionDate "2016.12.12"]
[SourceQuality "1"]

1. e4 c5 2. Nf3 d6 3. d4 cxd4 4. Nxd4 Nf6 5. Nc3 a6 6. Be2 e6 7. 0-0 Be7 8. Be3 Qc7 9. f4 Nbd7 10. Kh1 Nb6 11. Qe1 Bd7 12. Qg3 g6 13. Rad1 Nc4 14. Bc1 Rc8 15. Nb3 b5 16. e5 Ng8 17. Bxc4 bxc4 18. Nd4 d5 19. f5 exf5 20. Nxd5 Qc5 21. Nf4 Qxe5 22. Rfe1 Qc7 23. Qc3 Nf6 24. Nxf5 Be6 25. Ng7+ Kf8 26. Ngxe6+ 1-0

[Event "BAN-ch (Women) 34th"]
[Site "Dhaka"]
[Date "2014.02.16"]
[Round "9"]
[White "Rahman, Hamida"]
[Black "Kiswara, Shajrin Evana"]
[Result "1-0"]
[WhiteElo "1704"]
[BlackElo "1772"]
[PlyCount "103"]
[EventDate "2014.02.07"]
[EventType "tourn"]
[EventRounds "11"]
[EventCountry "BAN"]
[SourceTitle "CBM 158 Extra"]
[Source "ChessBase"]
[SourceDate "2014.02.28"]
[SourceVersion "1"]
[SourceVersionDate "2014.02.28"]
[SourceQuality "1"]

1. d4 d5 2. Nf3 Nf6 3. e3 Bg4 4. Nbd2 Nbd7 5. Be2 e6 6. Ne5 Bxe2 7. Qxe2 Bd6 8. f4 Bxe5 9. fxe5 Ng8 10. Qg4 g6 11. 0-0 Qe7 12. Qh3 0-0-0 13. b3 f5 14. exf6 Ngxf6 15. a4 Rde8 16. Ba3 Qg7 17. a5 g5 18. c4 g4 19. Qh4 Rhg8 20. Rac1 g3 21. h3 Qg6 22. Rc3 Nh5 23. e4 Qh6 24. Bc1 Ref8 25. Nf3 Qg6 26. cxd5 exd5 27. e5 Rf5 28. Qe7 Re8 29. Qa3 Nf4 30. Qa2 Qf7 31. b4 Rg8 32. Bxf4 Rxf4 33. b5 Rg6 34. Rfc1 c6 35. a6 Nb6 36. bxc6 bxc6 37. Rxc6+ Rxc6 38. Rxc6+ Kb8 39. Qd2 Qf5 40. Rc1 Nc4 41. Qb4+ Kc8 42. Qb7+ Kd8 43. Qxd5+ Ke8 44. Qxc4 Rxf3 45. Qc6+ Ke7 46. Qxf3 Qg5 47. Rc7+ Kd8 48. Rc5 Qd2 49. Qf8+ Kd7 50. Qd6+ Ke8 51. Rc8+ Kf7 52. Rc7+ 1-0

[Event "BAN-ch (Women) 34th"]
[Site "Dhaka"]
[Date "2014.02.10"]
[Round "4"]
[White "Kiswara, Shajrin Evana"]
[Black "Shamima, Akter Liza"]
[Result "0-1"]
[WhiteElo "1772"]
[BlackElo "2166"]
[PlyCount "96"]
[EventDate "2014.02.07"]
[EventType "tourn"]
[EventRounds "11"]
[EventCountry "BAN"]
[SourceTitle "CBM 158 Extra"]
[Source "ChessBase"]
[SourceDate "2014.02.28"]
[SourceVersion "1"]
[SourceVersionDate "2014.02.28"]
[SourceQuality "1"]

1. c4 c6 2. Nf3 d5 3. e3 Nf6 4. Nc3 a6 5. c5 Bg4 6. d4 Nbd7 7. h3 Bxf3 8. Qxf3 e5 9. Qd1 Qc7 10. Bd2 g6 11. b4 Bg7 12. dxe5 Qxe5 13. Bd3 0-0 14. 0-0 Ne4 15. Rc1 Nxd2 16. Qxd2 Rfe8 17. Ne2 Qg5 18. Qc2 Qh4 19. Nf4 Nf8 20. g3 Qe7 21. Rfe1 f5 22. h4 Be5 23. Nh3 Ne6 24. f4 Bf6 25. Ng5 Ng7 26. Nf3 Nh5 27. Kg2 Bg7 28. Qd2 Nf6 29. Ne5 Rad8 30. Qc2 Qe6 31. a3 Ne4 32. Nf3 h6 33. Qa2 Kh7 34. Bxe4 dxe4 35. Qxe6 exf3+ 36. Kxf3 Rxe6 37. Red1 Rde8 38. Rd3 Re4 39. Kf2 g5 40. hxg5 hxg5 41. Rh1+ Kg6 42. Rd6+ R8e6 43. Re1 Bf6 44. Rd7 gxf4 45. Rxb7 fxg3+ 46. Kg2 Rxe3 47. Rxe3 Rxe3 48. a4 f4 0-1

[Event "Dhaka Arometic (Women) 28th"]
[Site "Dhaka"]
[Date "2007.03.08"]
[Round "4"]
[White "Sultana, Zakia"]
[Black "Kiswara, Shajrin Evana"]
[Result "1-0"]
[WhiteElo "2002"]
[BlackElo "1795"]
[PlyCount "65"]
[EventDate "2007.03.05"]
[EventType "tourn"]
[EventRounds "11"]
[EventCountry "BAN"]
[SourceTitle "EXT 2024"]
[Source "ChessBase"]
[SourceDate "2023.10.10"]
[SourceVersion "1"]
[SourceVersionDate "2023.10.10"]
[SourceQuality "1"]

1. d4 d5 2. e3 e6 3. Bd3 Nf6 4. f4 c5 5. c3 c4 6. Bc2 Nc6 7. Nf3 Be7 8. Nbd2 b5 9. 0-0 a5 10. Ne5 Bb7 11. Qe2 g6 12. e4 0-0 13. Nxc6 Bxc6 14. e5 Nd7 15. g4 Re8 16. Nf3 Nf8 17. f5 exf5 18. gxf5 Bf6 19. Qf2 Bh8 20. fxg6 hxg6 21. Ng5 Qd7 22. Qxf7+ Qxf7 23. Nxf7 Re7 24. Nxh8 Kxh8 25. Rf6 Rc8 26. Bg5 Re6 27. Bxg6 Kg7 28. Bf5 Bd7 29. Bh6+ Kg8 30. Rxf8+ Rxf8 31. Bxe6+ Bxe6 32. Bxf8 Kxf8 33. Rf1+ 1-0

[Event "Dhaka Arometic (Women) 28th"]
[Site "Dhaka"]
[Date "2007.03.07"]
[Round "3"]
[White "Arjuman, Mimi"]
[Black "Kiswara, Shajrin Evana"]
[Result "1-0"]
[WhiteElo "1794"]
[BlackElo "1795"]
[PlyCount "155"]
[EventDate "2007.03.05"]
[EventType "tourn"]
[EventRounds "11"]
[EventCountry "BAN"]
[SourceTitle "EXT 2024"]
[Source "ChessBase"]
[SourceDate "2023.10.10"]
[SourceVersion "1"]
[SourceVersionDate "2023.10.10"]
[SourceQuality "1"]

1. e4 c5 2. Nc3 e6 3. g3 d6 4. Bg2 Nf6 5. d3 Be7 6. f4 Nc6 7. Nf3 h6 8. 0-0 a6 9. h3 b5 10. Ne2 Bd7 11. Be3 Qc8 12. c3 Rb8 13. Qd2 Qd8 14. Bf2 h5 15. Ng5 Nh7 16. Nf3 g6 17. d4 Rc8 18. Rad1 Nb8 19. Nc1 0-0 20. Qe2 Qc7 21. dxc5 dxc5 22. f5 exf5 23. exf5 Bxf5 24. Ne5 Bd6 25. g4 hxg4 26. Nxg4 Bxg4 27. Qxg4 Kg7 28. Ne2 Nf6 29. Qf3 Nbd7 30. Bh4 Nh5 31. Kh1 Ne5 32. Qd5 Nc4 33. Rg1 Bh2 34. b3 Ne3 35. Qd3 Nxd1 36. Rxd1 Be5 37. Bf3 Nf4 38. Nxf4 Bxf4 39. c4 b4 40. Bd5 Qe5 41. Qf3 Qe3 42. Qg4 g5 43. Be1 Rh8 44. h4 Rcf8 45. Qg2 f5 46. Bf2 Qe8 47. Re1 Qd8 48. Kg1 g4 49. Bxc5 Bd6 50. Bd4+ Rf6 51. Re6 Bc5 52. Bxc5 Rxe6 53. Bxe6 Qd1+ 54. Qf1 Qxf1+ 55. Kxf1 Rxh4 56. Bxf5 Kf6 57. Bc8 a5 58. Bb6 Rh2 59. Bxa5 Rxa2 60. Bxb4 Kg5 61. Be7+ Kf4 62. b4 Kf3 63. Bb7+ Ke3 64. c5 Rf2+ 65. Kg1 Rf7 66. Bg5+ Kd4 67. c6 Kc4 68. Bd2 Kb5 69. Kg2 Kb6 70. Kg3 Kb5 71. Kxg4 Kb6 72. Be3+ Kb5 73. Bc5 Rh7 74. Kf4 Rg7 75. Ke5 Rh7 76. Ke6 Rg7 77. Be7 Kb6 78. Kd7 1-0

[Event "Dhaka Arometic (Women) 28th"]
[Site "Dhaka"]
[Date "2007.03.06"]
[Round "2"]
[White "Kiswara, Shajrin Evana"]
[Black "Begum, Masuda"]
[Result "1-0"]
[WhiteElo "1795"]
[BlackElo "2044"]
[PlyCount "106"]
[EventDate "2007.03.05"]
[EventType "tourn"]
[EventRounds "11"]
[EventCountry "BAN"]
[SourceTitle "EXT 2024"]
[Source "ChessBase"]
[SourceDate "2023.10.10"]
[SourceVersion "1"]
[SourceVersionDate "2023.10.10"]
[SourceQuality "1"]

1. c4 c5 2. Nf3 Nc6 3. b3 Nf6 4. Bb2 g6 5. e3 Bg7 6. Be2 0-0 7. 0-0 d6 8. d4 cxd4 9. exd4 d5 10. Nc3 a6 11. h3 e6 12. a3 Nh5 13. c5 Nf4 14. Re1 Nxe2+ 15. Rxe2 b6 16. b4 bxc5 17. bxc5 Na5 18. Na4 Nc4 19. Bc3 Bd7 20. Nd2 Nxd2 21. Rxd2 Rb8 22. Nb6 Bc6 23. a4 Qe7 24. Qe2 Bb7 25. Rb2 Rfe8 26. Rab1 Qc7 27. Qd3 e5 28. Qg3 f5 29. dxe5 Rbd8 30. Bd4 Bxe5 31. Bxe5 Qxe5 32. Qxe5 Rxe5 33. Rc1 Bc6 34. a5 Kf7 35. Rd2 Ke6 36. Rcd1 Rb8 37. f4 Re4 38. Nxd5 Bxd5 39. Rxd5 Re1+ 40. Kf2 Rxd1 41. Rxd1 Rb2+ 42. Kg1 Rb5 43. Rd6+ Ke7 44. Rxa6 Rxc5 45. Ra7+ Ke6 46. a6 Ra5 47. Ra8 Kd7 48. a7 Kc7 49. Rh8 Kb7 50. Rxh7+ Ka8 51. Rg7 Ra4 52. Rxg6 Kxa7 53. g3 Kb7 1-0